The world according to Peter Drucker / (Record no. 555)

000 -LEADER
fixed length control field 01079nam a22003377a 4500
001 - CONTROL NUMBER
control field 710238
003 - CONTROL NUMBER IDENTIFIER
control field OSt
005 - DATE AND TIME OF LATEST TRANSACTION
control field 20210420075717.0
008 - FIXED-LENGTH DATA ELEMENTS--GENERAL INFORMATION
fixed length control field 970821s1998 nyu b 000 0deng
010 ## - LIBRARY OF CONGRESS CONTROL NUMBER
LC control number 97036988
020 ## - INTERNATIONAL STANDARD BOOK NUMBER
International Standard Book Number 068483801X
040 ## - CATALOGING SOURCE
Original cataloging agency eng
Transcribing agency DLC
Modifying agency eng
041 ## - LANGUAGE CODE
Language code of text/sound track or separate title eng
050 00 - LIBRARY OF CONGRESS CALL NUMBER
Classification number HD30.5
Item number .B4 1998
080 ## - UNIVERSAL DECIMAL CLASSIFICATION NUMBER
Universal Decimal Classification number 92
Item number B-34
082 00 - DEWEY DECIMAL CLASSIFICATION NUMBER
Classification number 658.4/0092
-- B
Edition number 21
100 1# - MAIN ENTRY--PERSONAL NAME
Personal name Beatty, Jack.
245 14 - TITLE STATEMENT
Title The world according to Peter Drucker /
Statement of responsibility, etc. Jack Beatty.
260 ## - PUBLICATION, DISTRIBUTION, ETC.
Place of publication, distribution, etc. New York :
Name of publisher, distributor, etc. Free Press,
Date of publication, distribution, etc. c1998.
300 ## - PHYSICAL DESCRIPTION
Extent xii, 204 p. ;
Dimensions 25 cm.
365 ## - TRADE PRICE
Price amount 25 usd
504 ## - BIBLIOGRAPHY, ETC. NOTE
Bibliography, etc. note Includes bibliographical references (p. 189-201).
600 10 - SUBJECT ADDED ENTRY--PERSONAL NAME
Personal name Drucker, Peter F.
Fuller form of name (Peter Ferdinand),
Dates associated with a name 1909-2005.
650 #0 - SUBJECT ADDED ENTRY--TOPICAL TERM
Topical term or geographic name entry element Management
General subdivision History.
650 #0 - SUBJECT ADDED ENTRY--TOPICAL TERM
Topical term or geographic name entry element Biography
9 (RLIN) 237
653 ## - INDEX TERM--UNCONTROLLED
Uncontrolled term ბიოგრაფია
700 1# - ADDED ENTRY--PERSONAL NAME
Personal name Drucker, Peter F.
Fuller form of name (Peter Ferdinand),
Dates associated with a name 1909-2005.
906 ## - LOCAL DATA ELEMENT F, LDF (RLIN)
a 7
b cbc
c orignew
d 1
e ocip
f 19
g y-gencatlg
942 ## - ADDED ENTRY ELEMENTS (KOHA)
Source of classification or shelving scheme
Koha item type Books
Holdings
Withdrawn status Lost status Source of classification or shelving scheme Damaged status Not for loan Permanent location Current location Date acquired Inventory number Total Checkouts Full call number Barcode Date last seen Price effective from Koha item type
          Ken Walker International University Ken Walker International University 12/02/2020 796   92 B-34 796 12/02/2020 12/02/2020 Books

Powered by Koha